Casos chilenos de marketing internacional

Guardado en:
Detalles Bibliográficos
Autor principal: Minte Mattensohn, Patricio (autor)
Formato: Libro
Lenguaje:español
Publicado: Santiago Universidad de Chile 1984
Materias:
Etiquetas: Agregar Etiqueta
Sin Etiquetas, Sea el primero en etiquetar este registro!

MARC

LEADER 00000nam a2200000 a 4500
001 UCU2741
003 CL-VaPUC
008 960426e19840000CL |||||||||||||||||spa|d
082 0 4 |a 382.61  |b MIN  |2 21 
100 |a Minte Mattensohn, Patricio  |e autor  |9 359209 
245 1 0 |a Casos chilenos de marketing internacional 
300 |a 181 p 
942 |c BK 
945 |d 19960426 00:00:00  |a paguirre 
260 |a Santiago  |b Universidad de Chile  |c 1984 
650 0 |a Economía   |9 255568 
650 0 |a Comercio  |9 255341 
650 7 |a COMERCIO INTERNACIONAL  |2 CL-VaPUC  |9 359210 
650 7 |a MERCADEO  |2 CL-VaPUC  |9 261154 
650 0 |a Empresas   |9 255569 
650 0 |a Mercado internacional  |9 337380 
650 7 |a MERCADO DE PRODUCTOS  |2 CL-VaPUC  |9 359211 
583 |a last modification  |c 19960426 00:00:00  |k Rodrigo Vera 
999 |c 246972  |d 246970 
952 |0 0  |1 0  |4 0  |6 382_610000000000000_MIN_1984  |7 0  |8 A  |9 262374  |a BIBING  |b BIBING  |d 2019-11-19  |i 1643533  |o 382.61 MIN 1984  |p 1643533  |r 2025-01-20  |w 2019-11-19  |y BK  |k ING